000 00542nmm a2200169Ia 4500
008 251105s9999||||xx |||||||||||||||||und||
020 _a9788497426435
041 _aspa
100 _aGonzalo Sanz, Luis María
245 0 _aEnigmas en la evolución. :
_b Del hombre animal al hombre racional.
264 _a[Madrid, España] :
_bBiblioteca Nueva,
_c2007
300 _a174 páginas
490 _aEnsayo Biblioteca Nueva
650 _aBiology and natural sciences
856 _uhttps://public.digitaliapublishing.com/a/17442
942 _cCF
999 _c90315
_d90315